MARC

LEADER 00000nas a2200000 a 4500
001 ssj0019666
003 WaSeSS
005 20200512172242.0
006 m d
007 cr n
008 990617c19989999ne qr pss 0 a0eng c
010 |a  2006242035 
016 7 |a 2004019-2  |2 DE-600 
016 7 |a 012432233  |2 Uk 
022 |a 1572-8781  |l 1387-2176  |y 1387-2176 
035 |a (WaSeSS)ssj0019666 
040 |a F#A  |b eng  |e pn  |c F#A  |d OCLCQ  |d MUQ  |d OCLCQ  |d MYG  |d OCLCQ  |d OCLCF  |d OCLCO  |d OCLCQ  |d EZC  |d AU@  |d UKMGB  |d VT2  |d NJT  |d DLC  |d AUD  |d YOU  |d SFB  |d WaSeSS 
042 |a pcc 
050 0 0 |a R856.A1 
060 0 0 |a W1  |b BI854XC 
082 0 4 |a 610.28 
130 0 |a Biomedical microdevices (Online) 
245 1 0 |a Biomedical microdevices  |h [electronic resource]. 
260 |a Dordrecht ;  |a Boston :  |b Kluwer Academic Publishers,  |c 1998- 
260 3 |a <2008-> :  |a Dordrecht :  |b Springer Netherlands 
310 |a Quarterly 
321 |a Bimonthly 
362 1 |a Began with : Vol. 1, issue 1 (Sept. 1998). 
506 |a License restrictions may limit access. 
538 |a Mode of access: World Wide Web. 
588 |a Description based on: Vol. 1, issue 1 (Sept. 1998); Title from journal information screen (SpringerLink, viewed Apr. 3, 2006). 
588 |a Latest issue consulted: Vol. 21, issue 3 (Sept. 2019) (viewed on July 12, 2019). 
650 0 |a Biomedical materials  |v Periodicals. 
650 0 |a Biomedical engineering  |v Periodicals. 
650 0 |a Microfabrication  |v Periodicals. 
650 6 |a Biomatériaux  |v Périodiques. 
650 6 |a Génie biomédical  |v Périodiques. 
650 6 |a Microfabrication  |v Périodiques. 
650 7 |a Biomedical engineering.  |2 fast  |0 (OCoLC)fst00832568 
650 7 |a Biomedical materials.  |2 fast  |0 (OCoLC)fst00832586 
650 7 |a Microfabrication.  |2 fast  |0 (OCoLC)fst01019807 
655 0 |a Electronic journals. 
776 0 8 |i Print version:  |t Biomedical microdevices  |x 1387-2176  |w (DLC) 00244963  |w (OCoLC)40395059 
850 |a DLC 
856 4 0 |z Full text available from Research Library: 09/01/1998 to 1 year ago  |u https://search.proquest.com/publication/42500